| 000 | 01111cam a2200337 i 4500 | ||
|---|---|---|---|
| 001 | 21028 | ||
| 003 | Mx-PuUPA | ||
| 005 | 20250225143131.0 | ||
| 008 | 140415s1997 sp a gre 001 0 spa d | ||
| 017 | _aM. 6.105-1961 | ||
| 020 |
_a8423954773 _qtomo35-II |
||
| 040 |
_aMx-PuUPA _bspa _cMx-PuUPA _dMx-PuUPA _erda |
||
| 041 | 0 | _aspa | |
| 100 | 1 |
_aNavascués Palacio, Pedro, _eautor _912083 |
|
| 245 | 1 | 0 |
_aArquitectura española 1808-1914 / _cPedro Navascués Palacio |
| 250 | _aCuarta edición | ||
| 264 | 1 |
_aMadrid : _bEspasa Calpe, _c1997 |
|
| 300 |
_a744 páginas : _bilustraciones (algunas a color) ; _c28 cm |
||
| 336 |
_2rdacontent _atexto _btxt |
||
| 336 |
_2rdacontent _aimagen fija _bsti |
||
| 337 |
_2rdamedia _asin medio _bn |
||
| 338 |
_2rdacarrier _avolumen _bnc |
||
| 490 | 1 |
_aSumma artis, historia general del arte ; _v35-II |
|
| 650 | 7 |
_aArte _xHistoria _2armarc |
|
| 655 | 7 |
_2armarc _aEnciclopedias |
|
| 830 | 0 |
_912114 _aSumma artis, historia general del arte _v35-II |
|
| 942 |
_2ddc _cLI _h709 _iS955 |
||
| 999 |
_c21028 _d21028 |
||